[Event "DPEM 2017"]
[Site "Wiesbaden"]
[Date "2017.06.15"]
[Round "2.1"]
[White "Schlenker, Joerg"]
[Black "Reddmann, Hauke"]
[Result "0-1"]
[WhiteElo "2165"]
[BlackElo "2216"]
[Annotator "TA"]
[PlyCount "61"]
[EventDate "2017.??.??"]
[EventType "k.o."]
[EventCountry "GER"]
[SourceTitle "playchess.com"]
[Source "ChessBase"]
[SourceQuality "1"]

{[%evp 10,61,-13,0,28,18,23,19,32,13,22,-49,-28,-62,-60,-60,14,20,12,-18,22,-2,51,35,31,0,0,-76,-92,-762,-643,-760,-743,-715,-625,-648,-650,-731,-722,-719,-708,-711,-691,-755,-741,-1135,-1142,-1375,-1329,-1514,-1512,-1497,-1489,-1539]} 1. d4 Nf6 2. Nc3 d5 3. Bg5 c6 4. Qd3 g6 (4... Qa5 5. Bxf6 exf6 6. e4 Bb4 7. exd5 O-O 8. Be2 Qxd5 9. Bf3 Bf5 10. Bxd5 Bxd3 11. Bb3 Re8+ 12. Kd2 Ba6 {½-½ (77) Bauer,C (2634)-Tkachiev,V (2661) Ajaccio 2007}) 5. f3 Bg7 6. e4 {LiveBook: 5 Games. D01: Veresov Opening} dxe4 7. fxe4 O-O 8. Nf3 {White has an edge.} b5 $146 ({Predecessor:} 8... Nbd7 9. O-O-O Qa5 10. a3 Re8 11. Be2 {1-0 (11) Nagy,T (2217)-Reisel,F (1984) Slovakia 2014}) 9. a3 a5 10. h4 (10. Be2 $11) 10... h6 11. Bxf6 exf6 12. h5 Re8 (12... g5 $1 $15) 13. hxg6 $11 fxg6 14. Be2 Ra7 15. Qe3 Qd6 ({Black should play} 15... Rae7 $11 16. Bd3 (16. Rxh6 Bf5 $15) 16... Bf5) 16. O-O-O {[#] d5 is the strong threat.} (16. d5 $5 {[%cal Re3a7]} Rb7 17. O-O-O $14) 16... b4 $1 {[%cal Rb4c3]} 17. Bc4+ Kh7 $1 18. e5 (18. d5 $11 {keeps the balance.} Rb7 19. dxc6 Qxc6 20. Bd5) 18... bxc3 $17 19. Rxh6+ $2 {[%mdl 8192]} (19. Qxc3 $17 Qd8 20. exf6 Bxf6 21. Qd2) 19... Bxh6 $19 {Black is clearly winning.} 20. Rh1 {[%csl Gh1][%cal Re3h6] [#]} Qf8 21. Kb1 Rb7 22. Qxc3 Kg7 23. Qxa5 Nd7 24. Qc3 c5 {[%cal Bc6c5,Bc5d4][%mdl 32]} 25. Bd5 Rb8 26. g4 cxd4 27. Qc7 Bf4 28. Bc6 fxe5 29. Bxd7 Rb7 30. Qc6 Rxd7 31. Nh4 {Precision: White = 23%, Black = 56%.} 0-1

[Event "DPEM 2017"]
[Site "Wiesbaden"]
[Date "2017.06.15"]
[Round "2.2"]
[White "Lamby, Philipp"]
[Black "Carow, Johannes"]
[Result "0-1"]
[WhiteElo "2209"]
[BlackElo "2435"]
[Annotator "ChessBase"]
[PlyCount "50"]
[EventDate "2017.??.??"]
[EventType "k.o."]
[EventCountry "GER"]
[SourceTitle "playchess.com"]
[Source "ChessBase"]
[SourceQuality "1"]

1. e4 c5 2. d4 cxd4 3. c3 Nf6 4. e5 Nd5 5. Nf3 e6 6. cxd4 d6 7. Bc4 Nc6 8. O-O Be7 9. Qe2 O-O 10. Nc3 Nxc3 11. bxc3 dxe5 12. dxe5 Qc7 13. Qe4 Rd8 14. Ng5 g6 15. Qh4 h5 16. g4 Nxe5 17. Be2 f6 18. Ne4 f5 19. Nf6+ Bxf6 20. Qxf6 Rf8 21. Qg5 hxg4 22. Rd1 b6 23. Ba3 Bb7 24. Bxf8 Rxf8 25. Rd7 Qxd7 0-1

[Event "DPEM 2017"]
[Site "Wiesbaden"]
[Date "2017.06.15"]
[Round "2.3"]
[White "Ignatiev, Felix N"]
[Black "Natsidis, Christoph"]
[Result "1/2-1/2"]
[WhiteElo "2307"]
[BlackElo "2312"]
[Annotator "ChessBase"]
[PlyCount "97"]
[EventDate "2017.??.??"]
[EventType "k.o."]
[EventCountry "GER"]
[SourceTitle "playchess.com"]
[Source "ChessBase"]
[SourceQuality "1"]

1. e4 c5 2. Nf3 e6 3. d4 cxd4 4. c3 dxc3 5. Nxc3 Nc6 6. Bc4 a6 7. O-O Nge7 8. Bg5 f6 9. Bf4 Ng6 10. Bg3 Be7 11. Nd4 O-O 12. a4 Nge5 13. Bb3 Nf7 14. f4 Qa5 15. Kh1 Qb4 16. Nce2 Nxd4 17. Nxd4 Bc5 18. Bf2 Ba7 19. Qd3 Qd6 20. Rad1 Qe7 21. f5 Kh8 22. Qh3 Ng5 23. Qg4 d5 24. exd5 Bxd4 25. Qxd4 exf5 26. d6 Qd7 27. a5 b5 28. axb6 Bb7 29. Rc1 Qb5 30. Ba4 Qe2 31. Rfe1 Qh5 32. Bc6 Bxc6 33. Rxc6 Nf3 34. gxf3 Qxf3+ 35. Kg1 Qxc6 36. d7 Rad8 37. Re7 f4 38. Qc5 Qf3 39. Qc7 Qg4+ 40. Kf1 Qd1+ 41. Be1 h5 42. b7 Qf3+ 43. Bf2 Kh7 44. b8=Q Rxb8 45. Rxg7+ Kh6 46. Rh7+ Kg5 47. Rg7+ Kh6 48. Rh7+ Kg5 49. Rg7+ 1/2-1/2

[Event "DPEM 2017"]
[Site "Wiesbaden"]
[Date "2017.06.15"]
[Round "2.4"]
[White "Graetsch, Andreas"]
[Black "Telljohan, Sven"]
[Result "0-1"]
[WhiteElo "1836"]
[BlackElo "2404"]
[Annotator "ChessBase"]
[PlyCount "72"]
[EventDate "2017.??.??"]
[EventType "k.o."]
[EventCountry "GER"]
[SourceTitle "playchess.com"]
[Source "ChessBase"]
[SourceQuality "1"]

1. d4 g6 2. c4 Bg7 3. Nc3 c5 4. e3 Nf6 5. Nf3 O-O 6. Be2 cxd4 7. Nxd4 Nc6 8. O-O d5 9. Nxd5 Nxd5 10. Nxc6 bxc6 11. cxd5 cxd5 12. Rb1 Bf5 13. Bd3 Bxd3 14. Qxd3 Qa5 15. a3 e6 16. Bd2 Qa4 17. Rfc1 Rfc8 18. Rxc8+ Rxc8 19. Rc1 Rxc1+ 20. Bxc1 Qc6 21. Qd1 Qc4 22. b3 Qc3 23. g3 h5 24. a4 Bf6 25. Ba3 Kg7 26. Bd6 a5 27. h3 d4 28. exd4 Bxd4 29. Bf4 e5 30. Be3 Bxe3 31. fxe3 Qxe3+ 32. Kg2 e4 33. Qd5 Qf3+ 34. Kh2 Qf2+ 35. Kh1 e3 36. Qe5+ Kh7 0-1

[Event "DPEM 2017"]
[Site "Wiesbaden"]
[Date "2017.06.15"]
[Round "2.5"]
[White "Isakov, Michael G"]
[Black "Paulsen, Dirk"]
[Result "0-1"]
[WhiteElo "2155"]
[BlackElo "2295"]
[Annotator "ChessBase"]
[PlyCount "102"]
[EventDate "2017.??.??"]
[EventType "k.o."]
[EventCountry "GER"]
[SourceTitle "playchess.com"]
[Source "ChessBase"]
[SourceQuality "1"]

1. e4 d6 2. d4 e5 3. dxe5 dxe5 4. Qxd8+ Kxd8 5. Nf3 f6 6. Be3 Nd7 7. Nbd2 Bc5 8. Bxc5 Nxc5 9. Bc4 Nh6 10. h3 Ke7 11. O-O-O Be6 12. Rhe1 Rhd8 13. Re3 a5 14. Bxe6 Nxe6 15. Ne1 Nf7 16. f3 h5 17. Nf1 Rxd1+ 18. Kxd1 h4 19. Rb3 Rd8+ 20. Rd3 Nd6 21. Ne3 c6 22. c3 g6 23. Kc2 a4 24. Rd2 b5 25. a3 Nc4 26. Nxc4 bxc4 27. Rf2 Nf4 28. Rf1 f5 29. Rg1 Kf6 30. Rf1 Kg5 31. exf5 gxf5 32. Rf2 Nd3 33. f4+ Kh5 34. Rf1 e4 35. Rg1 Rg8 36. Kd2 Rg3 37. Nc2 Nxf4 38. Ne3 Kg5 39. Rf1 Nxg2 40. Nxf5 Rd3+ 41. Kc1 Nf4 42. Nd4 c5 43. Nc6 Rxh3 44. Ne5 Nd3+ 45. Nxd3 cxd3 46. Kd2 Rh2+ 47. Kc1 e3 48. c4 h3 49. Rd1 Rc2+ 50. Kb1 Rd2 51. Rg1+ Rg2 0-1

[Event "DPEM 2017"]
[Site "Wiesbaden"]
[Date "2017.06.15"]
[Round "2.6"]
[White "Dehlinger, Alexander"]
[Black "Bente, Bjoern"]
[Result "1/2-1/2"]
[WhiteElo "2272"]
[BlackElo "2289"]
[Annotator "ChessBase"]
[PlyCount "81"]
[EventDate "2017.??.??"]
[EventType "k.o."]
[EventCountry "GER"]
[SourceTitle "playchess.com"]
[Source "ChessBase"]
[SourceQuality "1"]

1. Nf3 d5 2. d4 Nf6 3. c4 e6 4. g3 Bb4+ 5. Bd2 Bd6 6. Nc3 dxc4 7. e4 Bb4 8. e5 Bxc3 9. bxc3 Ne4 10. Bxc4 Nxd2 11. Qxd2 b6 12. O-O Bb7 13. Bb5+ Nd7 14. Qe3 O-O 15. Bd3 Qe7 16. Ng5 h6 17. Ne4 Rac8 18. a4 f5 19. exf6 Nxf6 20. Nxf6+ Rxf6 21. a5 Qd6 22. Be4 Bxe4 23. Qxe4 Qd5 24. Rfe1 b5 25. Qxd5 exd5 26. Re5 Rd8 27. Rb1 a6 28. Rbe1 Rd7 29. R1e3 Kf7 30. f4 Rc6 31. g4 Rc4 32. Rf5+ Kg6 33. h4 Kh7 34. Rf8 g6 35. g5 Kg7 36. Ree8 hxg5 37. Rg8+ Kf7 38. Rgf8+ Kg7 39. Rg8+ Kh7 40. Rh8+ Kg7 41. Rhg8+ 1/2-1/2

[Event "DPEM 2017"]
[Site "Wiesbaden"]
[Date "2017.06.15"]
[Round "2.7"]
[White "Quast, Marcel"]
[Black "Poetsch, Hagen"]
[Result "1/2-1/2"]
[WhiteElo "2241"]
[BlackElo "2486"]
[Annotator "ChessBase"]
[PlyCount "71"]
[EventDate "2017.??.??"]
[EventType "k.o."]
[EventCountry "GER"]
[SourceTitle "playchess.com"]
[Source "ChessBase"]
[SourceQuality "1"]

1. e4 e6 2. d4 d5 3. Nd2 Be7 4. Ngf3 Nf6 5. e5 Nfd7 6. Bd3 c5 7. c3 Nc6 8. O-O a5 9. Re1 cxd4 10. cxd4 Qb6 11. Qa4 g5 12. h3 h5 13. Bb5 g4 14. Bxc6 bxc6 15. hxg4 hxg4 16. Nh2 Ba6 17. Ndf1 Bb4 18. Be3 Bxe1 19. Rxe1 Bxf1 20. Nxf1 Rb8 21. Rc1 Qb5 22. Qd1 Rg8 23. b3 f5 24. exf6 Nxf6 25. Ng3 Kd7 26. Bf4 Rbf8 27. Qe1 Ne8 28. Be5 Qb4 29. Qe2 Qb5 30. Qe1 Rf7 31. Rc5 Qb4 32. Qc1 Qb6 33. Qa3 Qb4 34. Qc1 Qb6 35. Qa3 Qb4 36. Qc1 1/2-1/2

[Event "DPEM 2017"]
[Site "Wiesbaden"]
[Date "2017.06.15"]
[Round "2.8"]
[White "Woll, Wilfried"]
[Black "Kreuzer, Helmut"]
[Result "0-1"]
[WhiteElo "2080"]
[BlackElo "2104"]
[Annotator "ChessBase"]
[PlyCount "116"]
[EventDate "2017.??.??"]
[EventType "k.o."]
[EventCountry "GER"]
[SourceTitle "playchess.com"]
[Source "ChessBase"]
[SourceQuality "1"]

1. c4 Nf6 2. g3 e6 3. Nf3 b6 4. Bg2 Bb7 5. O-O Be7 6. d4 d5 7. cxd5 exd5 8. Nh4 Ne4 9. Nf5 Bf6 10. Bf4 O-O 11. f3 Ng5 12. Bxg5 Bxg5 13. f4 Bf6 14. Nc3 g6 15. Nh6+ Kh8 16. Ng4 Bg7 17. f5 Re8 18. Ne5 Bxe5 19. dxe5 c6 20. fxg6 fxg6 21. Rf7 Re7 22. e6 Rxf7 23. exf7 Qf6 24. e4 Qxf7 25. exd5 cxd5 26. Qg4 Nd7 27. Rf1 Qg7 28. Nxd5 Bxd5 29. Bxd5 Rf8 30. Rxf8+ Nxf8 31. b4 Qe5 32. Qf3 Nd7 33. Bb3 Kg7 34. Qf7+ Kh6 35. Kf2 Nf6 36. Qf8+ Kg5 37. h4+ Kg4 38. Qc8+ Qf5+ 39. Qxf5+ Kxf5 40. Kf3 Ke5 41. g4 h6 42. g5 hxg5 43. hxg5 Ne4 44. Kg4 Nf2+ 45. Kh4 Kf4 46. Bf7 Kf5 47. Bc4 Ne4 48. Bd3 Kf4 49. b5 Nxg5 50. Bxg6 Ne4 51. Be8 Nc3 52. Kh3 Nxa2 53. Kg2 Ke3 54. Kf1 Kd2 55. Bd7 Nc3 56. Be8 Ne2 57. Bd7 Nd4 58. Be8 Kd3 0-1

[Event "DPEM 2017"]
[Site "Wiesbaden"]
[Date "2017.06.15"]
[Round "2.9"]
[White "Schulz, Gert"]
[Black "Schwing, Hans-Elmar"]
[Result "1/2-1/2"]
[WhiteElo "2000"]
[BlackElo "2335"]
[Annotator "ChessBase"]
[PlyCount "81"]
[EventDate "2017.??.??"]
[EventType "k.o."]
[EventCountry "GER"]
[SourceTitle "playchess.com"]
[Source "ChessBase"]
[SourceQuality "1"]

1. d4 Nf6 2. c4 e6 3. Nc3 Bb4 4. g3 O-O 5. Bg2 c5 6. Nf3 d5 7. cxd5 Nxd5 8. Bd2 cxd4 9. Nxd5 Bxd2+ 10. Qxd2 Qxd5 11. Qxd4 Qb5 12. a4 Qa6 13. b4 Nc6 14. Qc3 Rd8 15. O-O Qxe2 16. b5 Ne7 17. Qc5 Nd5 18. Rfe1 Qb2 19. Rad1 Bd7 20. Ne5 b6 21. Qc4 Rac8 22. Nc6 Bxc6 23. bxc6 g6 24. Bxd5 exd5 25. Rxd5 Rxd5 26. Qxd5 Qc3 27. Re7 Qc1+ 28. Kg2 Qxc6 29. Qxc6 Rxc6 30. Rxa7 Kg7 31. Ra6 Rc4 32. Rxb6 Rxa4 33. h4 h6 34. Rc6 g5 35. hxg5 hxg5 36. Rb6 f6 37. Rc6 Kg6 38. Rc5 g4 39. Rb5 f5 40. Rc5 Kf6 41. Rd5 1/2-1/2

[Event "DPEM 2017"]
[Site "Wiesbaden"]
[Date "2017.06.15"]
[Round "2.10"]
[White "Boehmler, Thomas"]
[Black "Faas, Dominik"]
[Result "0-1"]
[WhiteElo "1866"]
[BlackElo "2048"]
[Annotator "NA RC"]
[PlyCount "39"]
[EventDate "2017.??.??"]
[EventType "k.o."]
[EventCountry "GER"]
[SourceTitle "playchess.com"]
[Source "ChessBase"]
[SourceQuality "1"]

1. d4 Nf6 2. c4 g6 3. Nc3 d5 4. cxd5 Nxd5 5. e4 Nxc3 6. bxc3 Bg7 7. Qa4+ Qd7 8. Qa3 O-O 9. Nf3 b6 10. Be2 Bb7 11. e5 c5 12. dxc5 Nc6 13. Bf4 Qf5 14. Bg3 Nxe5 15. Bxe5 Bxe5 16. cxb6 axb6 17. Qb4 Bxf3 18. Bxf3 Qd3 19. Rc1 Rxa2 20. Bd1 0-1

[Event "DPEM 2017"]
[Site "Wiesbaden"]
[Date "2017.06.15"]
[Round "2.11"]
[White "Hundack, Rolf"]
[Black "Jandke, Manfred"]
[Result "0-1"]
[WhiteElo "2091"]
[BlackElo "2132"]
[Annotator "ChessBase"]
[PlyCount "124"]
[EventDate "2017.??.??"]
[EventType "k.o."]
[EventCountry "GER"]
[SourceTitle "playchess.com"]
[Source "ChessBase"]
[SourceQuality "1"]

1. c4 Nf6 2. Nc3 e5 3. g3 d5 4. cxd5 Nxd5 5. Bg2 Nb6 6. Nf3 Nc6 7. O-O Be7 8. d3 O-O 9. Be3 Be6 10. Na4 e4 11. Ne1 exd3 12. Nxd3 Bd5 13. Nxb6 axb6 14. Bxd5 Qxd5 15. a3 Rfd8 16. Qc2 Qe4 17. Rac1 Rd7 18. Qb3 Bf6 19. Rc4 Na5 20. Rxe4 Nxb3 21. Rb4 Nd4 22. Bxd4 Bxd4 23. Rc1 Re8 24. Kf1 g5 25. Rb5 h6 26. Rc4 Re6 27. a4 Rc6 28. Rbb4 Bf6 29. Rxc6 bxc6 30. Re4 c5 31. b3 Bc3 32. h3 Kf8 33. h4 Rd6 34. Rc4 Bf6 35. hxg5 hxg5 36. Ke1 Rd8 37. Kd2 Ra8 38. e4 Bd4 39. Rc1 Ke7 40. f4 Rh8 41. Re1 Rh3 42. Re2 Rxg3 43. fxg5 Rxg5 44. Nf4 c6 45. Rg2 Be5 46. Rf2 Rg4 47. Nd3 Rxe4 48. a5 bxa5 49. Nxc5 Rd4+ 50. Kc2 f6 51. Rg2 f5 52. Rg6 Bf6 53. Rh6 Rg4 54. Nb7 Rg2+ 55. Kd3 Rg3+ 56. Ke2 Rxb3 57. Rh7+ Kf8 58. Nxa5 Rb2+ 59. Kf3 c5 60. Nc6 c4 61. Rh5 Rb5 62. Ke3 f4+ 0-1

[Event "DPEM 2017"]
[Site "Wiesbaden"]
[Date "2017.06.15"]
[Round "2.12"]
[White "Haasler, Andreas"]
[Black "Bendfeldt, Tim"]
[Result "1-0"]
[WhiteElo "2220"]
[BlackElo "2076"]
[Annotator "ChessBase"]
[PlyCount "95"]
[EventDate "2017.??.??"]
[EventType "k.o."]
[EventCountry "GER"]
[SourceTitle "playchess.com"]
[Source "ChessBase"]
[SourceQuality "1"]

1. d4 d5 2. Bf4 Nf6 3. e3 c5 4. c3 Nc6 5. Nd2 Qb6 6. Qb3 c4 7. Qc2 g6 8. e4 e6 9. Ngf3 Bg7 10. h3 O-O 11. Be2 Bd7 12. O-O h6 13. Rfe1 Rac8 14. Bf1 Rfe8 15. Bd6 Bf8 16. Bh2 Bg7 17. Bd6 Bf8 18. Bxf8 Kxf8 19. e5 Ng8 20. h4 Nce7 21. b3 cxb3 22. axb3 Nc6 23. Qb2 f6 24. exf6 Nxf6 25. Bd3 Kg7 26. c4 Ng4 27. Re2 Rf8 28. Rae1 Rce8 29. Bb1 Qd8 30. Qc2 Rf6 31. h5 Qb8 32. Qd3 Ne7 33. hxg6 Ref8 34. Ne5 Nxe5 35. dxe5 Rxg6 36. cxd5 exd5 37. e6 Be8 38. Nf3 Nf5 39. Qc3+ Kg8 40. e7 Rff6 41. Bxf5 Rxf5 42. Nh4 Rh5 43. Qd4 Rgg5 44. Nf5 Rxf5 45. Re5 Rxe5 46. Rxe5 Qd6 47. Qg4+ Kf7 48. Qh4 1-0

[Event "DPEM 2017"]
[Site "Wiesbaden"]
[Date "2017.06.15"]
[Round "2.13"]
[White "Hachtmann, Christian"]
[Black "Seyfried, Claus"]
[Result "0-1"]
[WhiteElo "2068"]
[BlackElo "2136"]
[Annotator "ChessBase"]
[PlyCount "48"]
[EventDate "2017.??.??"]
[EventType "k.o."]
[EventCountry "GER"]
[SourceTitle "playchess.com"]
[Source "ChessBase"]
[SourceQuality "1"]

1. e4 e6 2. d4 d5 3. Nc3 Nf6 4. e5 Nfd7 5. Nce2 c5 6. c3 Nc6 7. Nf3 Qb6 8. a3 f6 9. exf6 Nxf6 10. Nf4 cxd4 11. cxd4 Bd6 12. Bd3 O-O 13. O-O Ne4 14. Ne2 Qc7 15. Nc3 Nxc3 16. bxc3 e5 17. Qb3 Rxf3 18. gxf3 Qf7 19. Re1 Bh3 20. Bf1 Bxf1 21. Kxf1 exd4 22. Bd2 Qxf3 23. Kg1 Rf8 24. Rf1 Rf6 0-1

[Event "DPEM 2017"]
[Site "Wiesbaden"]
[Date "2017.06.15"]
[Round "2.14"]
[White "Meyer, Falko"]
[Black "Schiffner, Kevin"]
[Result "1/2-1/2"]
[WhiteElo "2223"]
[BlackElo "2019"]
[Annotator "ChessBase"]
[PlyCount "72"]
[EventDate "2017.??.??"]
[EventType "k.o."]
[EventCountry "GER"]
[SourceTitle "playchess.com"]
[Source "ChessBase"]
[SourceQuality "1"]

1. d4 Nf6 2. Nc3 g6 3. e4 d6 4. h3 Bg7 5. Be3 Nbd7 6. Qd2 c5 7. dxc5 dxc5 8. f4 O-O 9. e5 Ne8 10. Bxc5 Nc7 11. Be3 a6 12. Nf3 Ne6 13. Bc4 Ndc5 14. Bd5 Qa5 15. a3 Qc7 16. O-O Bh6 17. b4 Nd7 18. g4 Nb6 19. g5 Bg7 20. Bb3 Nc4 21. Qe1 Nxe3 22. Qxe3 Nxf4 23. Qxf4 Qxc3 24. h4 Bh3 25. Rfe1 Be6 26. Rad1 Bxb3 27. cxb3 Qxb3 28. Qe3 Qxe3+ 29. Rxe3 Rad8 30. Rdd3 Rxd3 31. Rxd3 f6 32. exf6 exf6 33. Rd7 Rf7 34. Rd8+ Rf8 35. Rd2 Rf7 36. Rd8+ Rf8 1/2-1/2

[Event "DPEM 2017"]
[Site "Wiesbaden"]
[Date "2017.06.16"]
[Round "3.1"]
[White "Reddmann, Hauke"]
[Black "Carow, Johannes"]
[Result "1/2-1/2"]
[WhiteElo "2216"]
[BlackElo "2435"]
[Annotator "TA"]
[PlyCount "76"]
[EventDate "2017.??.??"]
[EventType "k.o."]
[EventCountry "GER"]
[SourceTitle "playchess.com"]
[Source "ChessBase"]
[SourceQuality "1"]

{[%evp 27,76,0,0,0,18,0,0,0,0,0,0,0,0,0,0,0,0,0,0,0,0,0,0,0,0,0,0,0,0,0,0,0,0,0,0,0,0,0,0,0,0,0,0,0,0,0,0,0,0,0,0]} 1. c4 c5 2. Nc3 g6 3. g3 Bg7 4. Bg2 Nc6 5. e3 e6 6. Nge2 Nge7 7. O-O O-O 8. d4 cxd4 9. exd4 d5 10. cxd5 Nxd5 11. Nxd5 exd5 12. Be3 Bg4 13. h3 {A36: Symmetrical English vs ...g6: 4 Bg2 Bg7} (13. Re1 Re8 14. h3 Bxe2 15. Rxe2 Qb6 16. Rd2 Rad8 17. Rc1 Rd7 18. Qa4 Red8 19. h4 a6 20. Bh3 Rc7 21. Bf4 {0-1 (95) Zhao,X (2568)-Muzychuk,A (2566) Beijing 2013}) 13... Bxe2 14. Qxe2 Nxd4 {LiveBook: 3 Games. The position is equal.} 15. Qd2 Qf6 16. Bxd4 (16. Rad1 {is interesting.} Nf3+ 17. Bxf3 Qxf3 18. Qxd5 Qxd5 19. Rxd5 Rfd8 20. Rfd1) 16... Qxd4 17. Qxd4 Bxd4 18. Rfd1 Bf6 (18... Bxb2 $5 19. Rab1 $8 Bf6 $11) 19. Rxd5 $146 ({Predecessor:} 19. Bxd5) 19... Rad8 20. Rad1 b6 21. Rxd8 Rxd8 22. Rxd8+ Bxd8 $11 {[%mdl 4096] Endgame KB-KB} 23. Kf1 Bf6 24. b3 Bd4 25. Ke2 a5 26. f4 Kf8 27. Bd5 Ke7 28. Kf3 Bc5 29. a4 Bb4 30. g4 h6 31. Ke4 Bd6 32. Bc4 Bc7 33. Bd5 Bd6 34. Bc4 Bc7 35. Bd5 Bd6 36. Bc4 Bc7 37. Bd5 Bd6 38. Bc4 Bc7 {Precision: White = 88%, Black = 89%.} 1/2-1/2

[Event "DPEM 2017"]
[Site "Wiesbaden"]
[Date "2017.06.16"]
[Round "3.2"]
[White "Natsidis, Christoph"]
[Black "Dehlinger, Alexander"]
[Result "1/2-1/2"]
[WhiteElo "2312"]
[BlackElo "2272"]
[Annotator "NA"]
[PlyCount "47"]
[EventDate "2017.??.??"]
[EventType "k.o."]
[EventCountry "GER"]
[SourceTitle "playchess.com"]
[Source "ChessBase"]
[SourceQuality "1"]

1. d4 Nf6 2. c4 e6 3. Nc3 Bb4 4. e3 b6 5. Nge2 c5 6. a3 Ba5 7. Rb1 Na6 8. g3 Bb7 9. d5 b5 10. Bg2 bxc4 11. O-O O-O 12. e4 exd5 13. e5 Ng4 14. Bf4 Re8 15. Nb5 Bc7 16. Nec3 Nxe5 17. Re1 d6 18. Nxd5 Ba5 19. Re3 Rb8 20. a4 Re6 21. Bh3 Re8 22. Bg2 Re6 23. Bh3 Re8 24. Bg2 1/2-1/2

[Event "DPEM 2017"]
[Site "Wiesbaden"]
[Date "2017.06.16"]
[Round "3.3"]
[White "Telljohan, Sven"]
[Black "Schwing, Hans-Elmar"]
[Result "0-1"]
[WhiteElo "2404"]
[BlackElo "2335"]
[Annotator "TA"]
[PlyCount "90"]
[EventDate "2017.??.??"]
[EventType "k.o."]
[EventCountry "GER"]
[SourceTitle "playchess.com"]
[Source "ChessBase"]
[SourceQuality "1"]

{[%evp 17,90,-36,-29,-29,-36,-52,-35,-48,-43,-50,-47,-42,-41,-39,-31,-33,-24,-44,-31,-48,-35,-126,-126,-145,-139,-191,-182,-337,-328,-523,-514,-484,-341,-333,-335,-1273,-478,-691,-645,-1001,-500,-445,-369,-354,-353,-309,-327,-316,-364,-372,-363,-364,-355,-356,-354,-352,-346,-304,-273,-282,-279,-250,-125,-6764,-6308,-5131,-5124,-5117,-5117,-5088,-5088,-5072,-5072,-5065,-5065]} 1. Nf3 Nf6 2. g3 d5 3. Bg2 c5 4. O-O Nc6 5. c4 d4 6. d3 e5 7. e3 Be7 8. exd4 exd4 9. Bg5 {A09: Réti Opening: 1 Nf3 d5 2 c4} (9. Bf4 O-O 10. Ne5 Nxe5 11. Bxe5 Bd6 12. Bxf6 Qxf6 13. Nd2 Rb8 14. Re1 Bf5 15. Be4 Bd7 16. Bd5 Qg6 17. Ne4 b6 18. h4 Be7 19. h5 {1-0 (36) Movsesian,S (2680)-Buhmann,R (2596) Minsk 2017}) 9... O-O {LiveBook: 15 Games} 10. Bxf6 Bxf6 11. Nfd2 {Black is slightly better.} Be7 $146 ({Predecessor:} 11... Qb6 12. b3 Ne5 13. Qc2 Bd7 14. Nf3 Nc6 15. a3 Rfe8 16. Nbd2 Bf5 {1-0 (32) Fellhauer,C (2101)-Bonk,A (1935) Neustadt an der Weinstrasse 2012}) 12. Re1 Be6 13. Ne4 Qd7 14. f4 Kh8 15. Nbd2 Rae8 (15... f5 $5 {[%cal Rf5e4]} 16. Nf2 Rae8 $11) 16. Nf3 h6 {[%cal Bh7h6,Bh6g5,Bg5g4][%mdl 32]} 17. a3 f5 18. Ned2 Bf7 19. Qa4 (19. Nf1 $15) 19... g5 $1 $17 20. fxg5 hxg5 21. Nb3 (21. Qd1 $17) 21... Qc7 $19 22. Rad1 $2 (22. Nxc5 g4 23. Ne6 Bxe6 24. Rxe6) 22... g4 23. Nh4 (23. Nfxd4 $142 cxd4 24. Qb5) 23... Bxh4 24. gxh4 {Qb5 would now be nice for White.} Rxe1+ 25. Rxe1 Ne5 26. Qxa7 $2 (26. Qa5 Qxa5 27. Nxa5 Nxd3 28. Re7) 26... Nxd3 (26... Nf3+ $142 27. Bxf3 gxf3 28. Qxc5 f2+ $1 {[%mdl 512]} 29. Kf1 fxe1=R+ 30. Kxe1 Re8+ 31. Kd1 Bh5+ 32. Kc2 Qxc5 33. Nxc5 f4) 27. Re2 (27. Rd1 $142 Nxb2 28. Rb1) 27... Bxc4 {aiming for ...Nf4.} 28. Nxd4 Qf4 (28... Nf4 $142 29. b4 Nxe2+ 30. Nxe2 Bxe2 31. Qxc5 Qg7) 29. Nc2 Qc1+ 30. Bf1 Qxb2 31. Qa5 Nf4 32. Qxc5 Nxe2+ 33. Bxe2 Qc1+ 34. Kg2 {[#]} Bd5+ $1 {[%mdl 512]} 35. Qxd5 {Hoping for Qe5+.} Qxc2 {[%mdl 4096] Endgame KQR-KQB} 36. Qe5+ Kg8 37. Qe6+ Rf7 38. h3 Kf8 39. hxg4 {[#]} fxg4 (39... Re7 $1 $19 {[%cal Re7e6]} 40. Qf6+ Ke8 41. Qh8+ Kd7 42. Qd4+ Kc7 43. Qc4+ Qxc4 44. Bxc4 fxg4) 40. Kg3 $2 {[%mdl 8192]} (40. Qh6+ $17 Rg7 41. Qf6+ Kg8 42. Qe5) 40... Qc3+ {Black is clearly winning.} 41. Kxg4 Rg7+ 42. Kh5 Qc5+ 43. Kh6 Qc1+ 44. Kh5 Rh7+ 45. Kg4 Qg1+ {Precision: White = 33%, Black = 66%.} 0-1

[Event "DPEM 2017"]
[Site "Wiesbaden"]
[Date "2017.06.16"]
[Round "3.4"]
[White "Poetsch, Hagen"]
[Black "Paulsen, Dirk"]
[Result "1-0"]
[WhiteElo "2486"]
[BlackElo "2295"]
[Annotator "TA"]
[PlyCount "85"]
[EventDate "2017.??.??"]
[EventType "k.o."]
[EventCountry "GER"]

{[%evp 21,85,28,41,34,55,35,44,35,44,27,29,31,85,72,102,92,120,39,35,41,39,23,58,61,49,35,25,8,28,0,0,0,0,0,0,0,22,0,0,-35,20,20,40,29,64,64,66,59,101,55,125,132,129,130,119,0,0,0,0,0,199,191,847,528,842,841]} 1. e4 c5 2. Nf3 e6 3. d4 cxd4 4. Nxd4 Nc6 5. Nc3 Qc7 6. Be3 a6 7. Qf3 {B48: Sicilian: Taimanov: 5 Nc3 Qc7 6 Be3 a6 without Be2} Nxd4 8. Bxd4 b5 9. Qg3 Qxg3 10. hxg3 Bb7 11. f3 Ne7 {[%cal Bg8e7,Be7c6,Bc6e5][%mdl 32] LiveBook: 5 Games} 12. O-O-O Rc8 13. g4 Nc6 $146 ({Predecessor:} 13... d5 14. exd5 Nxd5 15. Nxd5 Bxd5 {1-0 (57) Popov,I (2618)-Drozdowski,K (2478) Minsk 2017}) 14. Bf2 Ne5 15. a4 b4 16. Nb1 Be7 (16... Bc5 $14 17. Bxc5 Rxc5) 17. Nd2 $16 Bc6 18. b3 ({Don't play} 18. Bxa6 $6 Ra8 $11) 18... a5 19. Bg3 (19. Bd4 $16 Bd6 20. Rh5) 19... Bd6 $1 $14 20. Rh5 f6 $1 21. Be2 g6 22. Rh3 Kf8 23. f4 Nf7 24. Bf3 g5 25. e5 gxf4 26. exd6 fxg3 27. Nc4 Bxf3 28. gxf3 g2 29. Rg3 Rc5 30. f4 Kg7 (30... Rg8 $15) 31. Rxg2 $11 Ra8 32. Rh1 h6 33. Rh5 e5 34. Ne3 Kf8 35. Rf2 {Hoping for fxe5.} Ra6 ({Black should play} 35... Re8 $14) 36. fxe5 $16 Rxe5 37. Rxe5 fxe5 {[%mdl 4096] Endgame KRN-KRN} 38. Nf5 (38. Nc4 $16 {Threatens to win with Nxe5.} Kg7 39. Rf5) 38... Kg8 $1 $11 39. Rh2 Kh7 40. g5 {[%cal Rf5h6]} h5 $2 (40... Kg6 $11 41. Nxh6 Nxd6) 41. Ne7 $18 {[#] g6+ is the strong threat.} Nxd6 $2 (41... Kg7) 42. Rxh5+ Kg7 43. Rh6 {Precision: White = 48%, Black = 38%.} 1-0